| 000 | 00521nam a2200169Ia 4500 | ||
|---|---|---|---|
| 008 | 240729s9999 xx 000 0 und d | ||
| 022 | _a2772-3976 | ||
| 245 | 0 | _aCleaner Materials | |
| 260 | _aUnited Kingdom | ||
| 260 | _bElsevier | ||
| 650 | _a Electrical engineering. Electronics. Nuclear engineering | ||
| 650 | _a Materials of engineering and construction. Mechanics of materials | ||
| 650 | _aTechnology | ||
| 856 | _uhttps://doaj.org/toc/43e174b4c8a34ab0b0fc89f22da0daf0 | ||
| 942 | _2ddc | ||
| 942 | _cDOAJEJ | ||
| 999 |
_c69881 _d69881 |
||
| 945 |
_a1 _bMadushi Gamage _c1 _dMadushi Gamage |
||